• 首页
  • 本馆介绍
  • 公告通知
  • 最新文献
  • 馆藏检索
  • 电子资源
  • 读者导购
  • 参考咨询
  • 我的图书馆
  • 登录
  • 详细信息显示
  • 放入我的书架
  • 预约/预借图书
  • 作者相关作品
  • 分类相关作品
  • 丛书相关作品
  • 出版社相关作品

书目信息

  • 表格格式
  • 工作单格式
  • 卡片格式
题名:
心理与行为科学统计
    
 
作者: 甘怡群 , 张轶文 , 郑磊 编著
分册:  
出版信息: 北京   北京大学出版社  2020.7
页数: 420页
开本: 23cm
丛书名:
单 册:
中图分类: B841.2
科图分类:
主题词: 行为科学--心理统计
电子资源:
ISBN: 978-7-301-30507-2
000 01600nam0 2200301 45
001 012001001450
005 20210922171456.28
010    @a978-7-301-30507-2@dCNY68.00
099    @aCAL 012019097122
100    @a20180117d2019 em y0chiy0110 ea
101 0  @achi
102    @aCN@b110000
105    @ak z 000yy
106    @ar
200 1  @a心理与行为科学统计@Axin li yu xing wei ke xue tong ji@d= Introduction to psychological and behavioral statistics@f甘怡群, 张轶文, 郑磊编著@zeng
205    @a第2版
210    @a北京@c北京大学出版社@d2020.7
215    @a420页@d23cm
300    @a北京大学心理学教材
312    @aIntroduction to psychological and behavioral statistics
330    @a本书主要讲述行为科学(重点是心理学)中使用的统计知识,内容涉及描述性统计、简单的假设验证、多元统计和统计建模等。全书共分5个部分:第一部分是描述性统计;第二部分是推论统计;第三部分是多元统计;第四部分以结构方程为例,介绍统计建模的过程;第五部分介绍“新统计”的基本思想。本书特色在于:(1)没有深奥的数学公式,题目尽量用简单的数据,消除学生对相关数学知识的恐惧。(2)将统计与具体的研究情境相结合,向读者传递如何针对具体研究运用适宜的统计方法的信息。(3)在理论方面,吸收西方心理学界新近的统计理论方法,反映学术界新动态。(4)试图将高等统计的一些重要内容,包括应用软件包SPSS输出结果,以较通俗的方式介绍给读者。(5)书末配有10套综合练习题,供读者自学之用。
606 0  @a行为科学@x心理统计
690    @aB841.2@v5
701  0 @a甘怡群@Agan yi qun@4编著
701  0 @a张轶文@Azhang yi wen@4编著
701  0 @a郑磊@Azheng lei@4编著
801    @aCN@bAHXH@c20210922
905    @b1251870-4@dB841.2@e3947=2@f5
    
    心理与行为科学统计= Introduction to psychological and behavioral statistics/甘怡群, 张轶文, 郑磊编著.-第2版.-北京:北京大学出版社,2020.7
    420页;23cm
    北京大学心理学教材
    
    ISBN 978-7-301-30507-2:CNY68.00
    本书主要讲述行为科学(重点是心理学)中使用的统计知识,内容涉及描述性统计、简单的假设验证、多元统计和统计建模等。全书共分5个部分:第一部分是描述性统计;第二部分是推论统计;第三部分是多元统计;第四部分以结构方程为例,介绍统计建模的过程;第五部分介绍“新统计”的基本思想。本书特色在于:(1)没有深奥的数学公式,题目尽量用简单的数据,消除学生对相关数学知识的恐惧。(2)将统计与具体的研究情境相结合,向读者传递如何针对具体研究运用适宜的统计方法的信息。(3)在理论方面,吸收西方心理学界新近的统计理论方法,反映学术界新动态。(4)试图将高等统计的一些重要内容,包括应用软件包SPSS输出结果,以较通俗的方式介绍给读者。(5)书末配有10套综合练习题,供读者自学之用。
●
相关链接 在E读中查询图书 在五车中查询图书 在当当中查询图书 在豆瓣中查询图书


正题名:心理与行为科学统计     索取号:B841.2/3947=2         预约/预借

序号 登录号 条形码 馆藏地/架位号 状态 备注
1 1251870   212518701   第一样本阅览室/ [索取号:B841.2/3947=2] 在馆    
2 1251871   212518710   教育系资料室/ [索取号:B841.2/3947=2] 在馆    
3 1251872   212518729   教育系资料室/ [索取号:B841.2/3947=2] 在馆    
4 1251873   212518738   第一借阅区/ [索取号:B841.2/3947=2] 在馆    
5 1251874   212518747   第一借阅区/ [索取号:B841.2/3947=2] 在馆    
唐山师范学院图书馆 欢迎您!
大连网信软件有限公司© 版权所有